=LDR 00000nam 2200000 4500 =001 INLIS000000000014891 =005 20200910073024 =035 ##$$a 0010-061300000014891 =008 200910###########################0###### =041 ##$$a Ind =082 ##$$a 297. 5 =090 ##$$a 297.5, Sul z =100 ##$$a El-Sulthani, Mawardi Labay =245 1#$$a Zuhud di zaman modern, Mawardi Labay El-Sulthani =260 ##$$a 2003 :$b Jakarta =300 ##$$a xxvi, 261 hlm, Il, 18 cm =650 #4$$a Akhlak =850 ##$$a NBPNMAT =990 ##$$a 330500607 =990 ##$$a 330500608 =990 ##$$a 330500609 =990 ##$$a 330500610 =990 ##$$a 21602438/BPAP-NTB/2017